Statistiques concernant Top 10 ballon d'or 2013.

Cliquez ici pour prendre le quiz!

Statistiques générales

  • Ce quiz a été pris 245 fois
  • Le résultat moyen est 8 sur 10

Statistiques - réponses

%JoueursClubs% Correct
28Cristiano RonaldoReal
100%
24.7Lionel MessiBarca
100%
3.2NeymarSantos/ Barca
98%
23.4Franck RiberyBayern
92%
2.1Andres IniestaBarca
91%
5.3Zlatan IbrahimovicPSG
87%
1.3Gareth BaleTottenham/ Real
86%
1.8Arjen RobbenBayern
79%
1.1Andrea PirloJuve
59%
1.8Robin Van PersieMan United
46%

Distribution des résultats

Percentile par nombre de réponses

% des personnes avec chaque résultat

Votre développement - résultats

Vous n’avez pas pris ce quiz